banner-ar

دماء واضواء / (Record no. 40393)

MARC details
000 -الفاتح
حقل البيانات ثابتة الطول 00633nam a2200217Ia 4500
008 - عناصر البيانات ثابتة الطول - معلومات عامة
حقل البيانات ثابتة الطول 140319s9999 xx 000 0 ara d
040 ## - مصدر الفهرسة
وكالة الفهرسة الأصلية GCL /
وكالة النسخ GCL
082 04 - رقم تصنيف ديوى العشرى
رقم التصنيف 808.83
رقم المادة ب د
100 1# - المدخل الرئيسى - إسم شخصى
الإسم الشخصى حسن نديم (مترجم)
245 10 - بيان العنوان
العنوان دماء واضواء /
بيان المسئوليه,etc حسن نديم (مترجم)
700 1# - المدخل الاضافى - اسم شخصى
الإسم الشخصى بيرى، جوزيف
700 1# - المدخل الاضافى - اسم شخصى
الإسم الشخصى عبدالمنعم درويش
300 ## - الوصف المادى
التعداد 272 ص
490 ## - بيان السلسلة
عنوان السلسلة الجوائز العالمية
رقم المجلد/ التعيين التسلسلي 0
650 04 - المدخل الاضافى بالموضوع-مصطلح موضوعى
مصطلح موضوعي الادب
650 04 - المدخل الاضافى بالموضوع-مصطلح موضوعى
مصطلح موضوعي القصص
650 04 - المدخل الاضافى بالموضوع-مصطلح موضوعى
مصطلح موضوعي الادب العالمى
650 04 - المدخل الاضافى بالموضوع-مصطلح موضوعى
مصطلح موضوعي الادب العالمى المترجم
942 ## - عناصر المدخل الإضافي( كوها)
مصدر التصنيف او مخطط الترفيف Dewey Decimal Classification
Koha [default] item type كتاب
Holdings
حالة التراجع حالة الفقد حالة تلف ليس للاعارة المكان المؤقت الموقع الحالى تاريخ الاكتساب اجمالي اﻻعارات رقم الطلب الباركود تاريخ اخر مشاهدة تاريخ تفعيل السعر نوع وعاء كوها
        مكتبة القاهرة الكبرى مكتبة القاهرة الكبرى 03/26/2014   808.83\ب د 97905 03/26/2014 03/26/2014 كتاب

Powered By

EGPV